000 00291 a2200109 4500
001 68579
040 _cAnchieta - Itaigara
240 1 0 _aApresentação 1ª série
_l
245 1 0 _aApresentação 1ª série
650 4 _aDocumentários, mídia educacional, jornalismo e publicidade
942 _cMX
999 _c68579
_d68579